V blízkosti mesta bez mena

Bibliographic Details
Main Author: Bucciarelli, Carino (Author)
Other Authors: Ivaničková, Margita, 1953- (Translator)
Format: Article
Language:Slovak
Subjects:

MARC

LEADER 00000nab a2200000 a 4500
001 vtls000550147
003 SK-MaSNL
005 20260304094843.0
008 250425c1995 xo 0 slo
015 |a SNBRB19rr/mm-uuuuu 
035 |a CL0550285 
035 |a urn:nbn:sk:snk-abbp4l 
035 |a (urnnbn)urn:nbn:sk:snk:ar-006bkt 
035 |a (uuid)d9426def-786d-490c-b58d-05397aaf4536 
040 |a SNKBUCL  |b slo  |c SNKBUCL  |e AACR2 
041 0 |a slo 
044 |a xo  |c SK 
080 |a 840 (493)-1  |2 1981 
100 1 |a Bucciarelli, Carino  |4 aut  |9 1391618 
245 1 0 |a V blízkosti mesta bez mena  |c Carino Bucciarelli ; Prekl. Margita Ivaničková 
500 |a Inform. o aut. na s. 18 
650 0 7 |a básne reflexívne  |2 snkbucl  |9 898242 
655 7 |a články z novín a časopisov  |2 snkbucl  |9 267496 
700 1 |a Ivaničková, Margita,  |d 1953-  |4 trl  |9 105315 
773 0 |t Dotyky  |g Roč. 7, č. 2 (1995), s. 17 
850 |a Slovenská národná knižnica 
852 |a Slovenská národná knižnica 
958 |a article15 
958 |a OND 
958 |a RK 
958 |a LX 
958 |a BE 
958 |a EUIPO 
992 |a RBX 
999 |c 2829302  |d 2831232